00598nam a2200193 a 4500008004100000020001500041050001600056100002300072245005100095246003200146260003700178300002300215350000900238500005300247650004100300650001900341650002600360700001800386120416s1990 ||||||||||||||||| || u a0934540624 aJF 1351 Pub aWildavsky, Aaron B10aPublic administrationcedited by Naomi B. Lynn athe state of the discipline aNew DelhibEast-West Pressc1990 axix, 540 p. : ill. a0.00 aIncludes bibliographical references and indexes. aPUBLIC ADMINISTRATION--UNITED STATES aADMINISTRATION aPUBLIC ADMINISTRATION aLynn, Naomi B